| 000 | 00726nam a2200241 a 4500 | ||
|---|---|---|---|
| 003 | DO-SdBNP | ||
| 005 | 20240412074309.0 | ||
| 007 | ta | ||
| 008 | 220412e2019 dr ||||er|||| 00| fdspa d | ||
| 020 | _a9789945169850 | ||
| 040 |
_aDO-SdBNP _bspa _cBNPHU |
||
| 082 | 4 |
_222 _bM425d |
|
| 100 | 1 |
_974501 _aMateo Aquino, Josefina _d1963 |
|
| 245 | 1 | 0 |
_aDéjame vivir / _cJosefina Mateo Aquino; Diagramador, Jose Alberto De la Cruz |
| 260 |
_aSanto Domingo : _bBúho, _c2019 |
||
| 300 |
_a45 p. ; _c22 cm. |
||
| 590 | _aInventariado 2022 / MF | ||
| 650 | 0 |
_aLiteratura dominicana. _967 |
|
| 650 | 4 |
_97202 _aNovela _xRepública Dominicana |
|
| 700 | 1 |
_aCruz, Alberto, De la, _ediagr. _981459 |
|
| 910 | _aMFeliz | ||
| 942 |
_2ddc _cLBS1 |
||
| 999 |
_c51533 _d51533 |
||